Economía feminista: cómo construir una sociedad igualitaria (sin perder el glamour)

¿Hay una inclinación natural en las mujeres por enseñar y en los varones por construir? ¿Nacen las bebas con una escoba bajo el brazo y los bebés con taladros? ¿Por qué el trabajo doméstico no remunerado es “cosa de mujeres”? ¿Por qué sólo el 4% de las empresas más grandes del mundo tiene una CEO? ¿...

Full description

Bibliographic Details
Main Author: D'Alessandro, Mercedes 1978-
Format: Libro
Language:Spanish
Published: Buenos Aires: Sudamericana, 2016.
Series:Ensayo
Subjects:
Online Access:

MARC

LEADER 00000cam a2200000 4500
003 UAHC
005 20181019170430.0
008 181005s2016 ag |||| |||| 00| 0 spa d
952 |0 0  |1 0  |2 ddc  |4 0  |6 331_400000000000000_DAL  |7 0  |8 COMP  |9 90725  |a BC  |b BC  |c General  |d 2018-10-05  |e Compra  |g 17222.00  |l 1  |m 2  |o 331.4 DAL  |p 1443183  |r 2026-01-13 00:00:00  |s 2018-12-07  |t c.1  |v 17222.00  |w 2018-10-05  |x OC:2134 / Factura: 142340  |y BK 
999 |c 51088  |d 51088 
020 |a 9789500757317 
035 |a CENTRAL 
040 |a UAHC_CL  |c UAHC_CL  |d UAHC_CL 
082 |2 21  |a 331.4  |b D999 
100 |9 5135  |a D'Alessandro, Mercedes  |d 1978- 
245 |a Economía feminista:  |b cómo construir una sociedad igualitaria (sin perder el glamour)  |c Mercedes D'Alessandro. 
260 |a Buenos Aires:  |b Sudamericana,  |c 2016. 
300 |a 215 p. 
440 |9 761  |a Ensayo 
520 |a ¿Hay una inclinación natural en las mujeres por enseñar y en los varones por construir? ¿Nacen las bebas con una escoba bajo el brazo y los bebés con taladros? ¿Por qué el trabajo doméstico no remunerado es “cosa de mujeres”? ¿Por qué sólo el 4% de las empresas más grandes del mundo tiene una CEO? ¿Cómo es que en 2016 la mayoría de los países nunca ha tenido una presidenta? Para responder estas preguntas Mercedes D’Alessandro, economista, propone un viaje al lado menos visible de la desigualdad, un recorrido que atraviesa las ideas centrales de la economía y muestra los nuevos desafíos que enfrentan las mujeres hoy: la brecha salarial, su rol como amas de casa desesperadas, la pobreza sexista. Basado en evidencia estadística, Economía feminista cuestiona estereotipos y postula una reflexión profunda sobre nuestras relaciones sociales; al mismo tiempo, aporta ideas inspiradoras para la construcción de un futuro más igualitario y por lo tanto más justo. Porque la igualdad es un negocio para todos, y porque las mujeres ganan menos que los varones en todo el planeta, ¡y tu mamá también! 
526 |a Colección de Género y Sexualidades 
650 0 |9 5137  |a Economía feminista 
650 0 |9 5079  |a Teoría feminista 
650 0 |9 5159  |a Literatura feminista 
942 |2 ddc  |c BK